Shakespeare by III.i Quiz Stats

 Plays Quiz Updated Nov 15, 2011

Challenge
Share
Tweet
Embed
Score 0/14 Timer 04:00
0 Plays Today
ACT III, Scene i Play % Correct
A thoughtful young man famously weighs life's pros and cons.Hamlet
88.5%
A man invites his good friend to dinner, then sends two thugs to murder him. (Despite being murdered, the dead friend still manages to make the dinner.)Macbeth
70%
After being fatally wounded, the play's most happy-go-lucky character tries to get out as many puns as he can before he bleeds to death.Romeo and Juliet
63.3%
A charismatic king politely suggests to his men that they all head over to that breach *just* one more time.Henry V
61.4%
The title character promises his nephew that he hasn't killed all his uncles (though he has) then swears that he'll be perfectly safe in the tower (which he won't).Richard III
57.4%
During a thunderstorm, a banished earl in disguise encounters a knight, who tells him his boss went a little nuts.King Lear
52%
Just to shake things up, the title character is killed off halfway through his own play.Julius Caesar
51.6%
ACT III, Scene i Play % Correct
A cross-dresser is hustled by a clown, insulted by a pair of drunks, then blatantly hit on by a woman in mourning.Twelfth Night
50.2%
Two women successfully dupe another woman into falling in love with a man she despises simply by allowing her to overhear their conversation.Much Ado About Nothing
44.5%
A young woman receives a simultaneous Latin lesson/music lesson from two men who haven't the slightest interest in her education.The Taming of the Shrew
39.9%
A prince carrying firewood gives a speech about how he doesn't mind carrying firewood because the old man he's carrying firewood for has a daughter who is *totally* hot.The Tempest
37%
A disgraced soldier makes an (oddly misguided) attempt to get back into his General's good graces by hiring musicians to play under his window. Othello
36.8%
An evil duke interrogates the hero's evil brother. It is the first time they have met, and the last time either one is evil.As You Like It
15.5%
With a gruesome war raging outside, a kidnapped woman and her new boyfriend blithely exchange sex jokes with a perverted old man.Troilus and Cressida
15.1%

You're not logged in!

Compare scores with friends on all Sporcle quizzes.
OR
Log In

You Might Also Like...

Show Comments

Extras

Top Quizzes Today


Score Distribution

Your Account Isn't Verified!

In order to create a playlist on Sporcle, you need to verify the email address you used during registration. Go to your Sporcle Settings to finish the process.

Report this User

Report this user for behavior that violates our Community Guidelines.

Details: